| 000 | 00490nam a2200217Ia 4500 | ||
|---|---|---|---|
| 003 | 0100 | ||
| 008 | 130303s9999 xx 000 0 und d | ||
| 020 | _a0198750595 | ||
| 040 | _cARRUPELIB | ||
| 050 | _aBJ71.N73 1983 | ||
| 100 | _aNorman, Richard | ||
| 245 | 4 | _aThe moral philosophers | |
| 245 | _ban introduction to ethics | ||
| 260 | _aNew York | ||
| 260 | _bClarendon Press | ||
| 260 | _C1983 | ||
| 300 | _a257 p. | ||
| 300 | _b 23 cm. | ||
| 650 | _aETHICS | ||
| 942 | 0 | 0 | _02 |
| 999 |
_c15455 _d15455 |
||